Once Upon a Time Trivia - Statistics

General Stats
  • This quiz has been taken 413 times
  • The average score is 10 of 15
Answer Stats
Hint Answer % Correct
How old did Emma turn in the first episode? 28
97%
How old was Emma when she met Neal? 17
95%
How old was Henry when he found Emma? 10
94%
What color was the dress that Emma was wearing when Henry found her? Red
90%
Who "taught" Henry how to drive? David
72%
Who was locked in a cage in Neverland for over a hundred years? Wendy
67%
What is Belle's last name? French
66%
Whose name does Hook have tattooed on his arm? Milah's
65%
What character did Robby Kay play? Peter Pan
63%
What is the Mad Hatter's daughter's name? Grace/Paige
61%
What was the name of the dwarf who died? Stealthy
46%
Who was the Dark One before Rumplestiltskin? Zoso
45%
What month did Issac become the author? December
40%
Who would've adopted Henry if Regina didn't? John and Michael
29%
What year did Isaac become the author? 1966
22%
No matching quizzes found
Score Distribution
Percent of People with Each Score
Percentile by Number Answered
Your Score History
You have not taken this quiz